Review of the Fund's Strategy on Overdue Financial Obligations.

This paper reviews progress under the Fund's strengthened cooperative strategy on overdue financial obligations. Since the last review, total arrears to the Fund declined by SDR 17.5 million to SDR 1,309.5 million. Payments to the Fund by Sudan and Zimbabwe were in excess of new obligations fal...

詳細記述

書誌詳細
団体著者: International Monetary Fund
フォーマット: 雑誌
言語:English
出版事項: Washington, D.C. : International Monetary Fund, 2010.
シリーズ:Policy Papers; Policy Paper ; No. 2010/068
オンライン・アクセス:Full text available on IMF
LEADER 01508cas a2200241 a 4500
001 AALejournalIMF020103
008 230101c9999 xx r poo 0 0eng d
020 |c 5.00 USD 
020 |z 9781498336994 
022 |a 2663-3493 
040 |a BD-DhAAL  |c BD-DhAAL 
110 2 |a International Monetary Fund. 
245 1 0 |a Review of the Fund's Strategy on Overdue Financial Obligations. 
264 1 |a Washington, D.C. :  |b International Monetary Fund,  |c 2010. 
300 |a 1 online resource (24 pages) 
490 1 |a Policy Papers 
500 |a <strong>Off-Campus Access:</strong> No User ID or Password Required 
500 |a <strong>On-Campus Access:</strong> No User ID or Password Required 
506 |a Electronic access restricted to authorized BRAC University faculty, staff and students 
520 3 |a This paper reviews progress under the Fund's strengthened cooperative strategy on overdue financial obligations. Since the last review, total arrears to the Fund declined by SDR 17.5 million to SDR 1,309.5 million. Payments to the Fund by Sudan and Zimbabwe were in excess of new obligations falling due, and a decrease in Somalia's arrears resulted from the full settlement of its overdue obligations to the SDR Department in the context of the general SDR allocation in August 2009. 
538 |a Mode of access: Internet 
830 0 |a Policy Papers; Policy Paper ;  |v No. 2010/068 
856 4 0 |z Full text available on IMF  |u http://elibrary.imf.org/view/journals/007/2010/068/007.2010.issue-068-en.xml  |z IMF e-Library